00934nam a2200181 a 450000100100000000500170001000800410002702000180006804000250008624500780011124600800018926001190026930000200038895201110040895201050051995201110062499900170073500004050520201002034157.0130828s2012 dr 000 0 spa d a9789945491012 aDO-SdBNPbspacBNPHU00a7 Siensajes de Benedicto XVI :bpara los medios de comunicación social.13aSiete mensajes de Benedicto XVI :bpara los medios de comunicación social aSantiago de los Caballeros, República Dominicana :bComisión Nacional de Pastoral de la Comunicación,c2012. a68 p. ;c21 cm. 0010718DSaGRbGRcCTd2013-08-28iLF1l0o p40505-30r2020-06-25te. 3w2020-06-25yLFDSZNo se presta 0010718PDaPDbPDcCTd2013-08-28iLF1l0o p40505-10r2020-06-25w2020-06-25yLFPDZNo se presta 0010718PDaPDbPDcCTd2013-08-28iLF1l0o p40505-20r2020-06-25te. 2w2020-06-25yLFPDZNo se presta c39995d39995